00584nam a22001937a 4500003000500000005001700005008004100022020001800063040000600081082001400087100004100101245003800142260003500180300001300215650003300228942001200261999001900273952009800292CEME20210628201944.0210208b xxu||||| |||| 00| 0 eng d a81-203-2593-1 c. a620.3 DUK aDukkipati, Rao.V ,Srinivas, J957591 aTextbook of mechanical vibrations aNEW DELHIbPRENTICE HALLc2004 aXII,391P aMECHANICAL VIBRATIONS957592 cBK2ddc c567863d567863 00104070aCEMEbCEMEcGENd2017-07-13l0o620.3 DUKpCEME-40735r2021-06-28w2021-06-28yBK